[Event "XVII MetLife Najdorf Open 2017"]
[Site "Warsaw"]
[Date "2017.07.12"]
[Round "4.19"]
[White "Stefanova, Antoaneta"]
[Black "Raja Harshit"]
[Result "1/2-1/2"]
[WhiteElo "2512"]
[BlackElo "2377"]
[Annotator "TA"]
[PlyCount "101"]
[EventDate "2017.??.??"]
[EventType "swiss"]
[EventCountry "POL"]
[SourceTitle "playchess.com"]
[Source "ChessBase"]
[SourceQuality "1"]

{[%evp 14,101,60,32,39,42,59,53,64,47,45,50,45,9,22,9,9,9,9,7,30,0,0,0,1,0,7,0,7,-22,-27,-6,30,29,22,-25,-25,-19,-26,-25,-27,-35,-12,-16,18,17,27,22,26,-42,-45,-46,-49,-65,-50,-43,0,0,-2,-3,0,-3,-3,-3,-3,-3,0,-43,-40,-37,-37,-40,-43,-37,-66,-59,-10,-38,-8,-14,-14,-54,-26,-31,-12,-60,-22,-35,-20,-21]} 1. Nf3 Nf6 2. b3 d5 3. Bb2 g6 4. c4 c6 5. g3 Bg7 6. Bg2 Qb6 7. Qc1 dxc4 {A11: English Opening: 1...c6} 8. Qxc4 {LiveBook: 3 Games} a5 $146 ({Predecessor:} 8... Be6 9. Qc2 O-O 10. O-O Na6 11. Na3 Nb4 12. Qc1 a5 13. Nc4 Qa6 14. d3 Rfd8 15. Bc3 {½-½ (22) Pantsulaia,L (2556)-Mammadov,Z (2446) Rasht 2013}) 9. O-O Be6 {White is slightly better.} 10. Qc2 O-O 11. Nc3 Na6 12. Na4 Qd8 13. Bd4 b5 14. Nc5 Nxc5 15. Bxc5 Bd5 16. Rac1 Ne4 17. Be3 Rc8 18. d3 Nc3 19. Bc5 b4 20. e4 Be6 21. h3 Qd7 22. Kh2 f5 23. Ng5 f4 24. d4 Bh6 25. gxf4 Rxf4 26. Nxe6 Qxe6 27. Rce1 Rcf8 28. a3 Rh4 (28... Rf3 $5) 29. Qd3 $1 ({Wrong is} 29. axb4 $2 {[#]} Rf3 $3 $19 {[%mdl 512]}) 29... Bf4+ 30. Kg1 Bd6 31. axb4 (31. Bb6 $11) 31... axb4 $15 32. d5 cxd5 33. Bxd6 exd6 34. exd5 Qf7 35. Re6 Rf4 {[%cal Rf4f2]} 36. Qe3 Nb5 37. Re7 $132 {[%mdl 2048] White is not keeping still} Qf6 38. Qe6+ Kh8 39. Qxf6+ R8xf6 40. Rb7 Nd4 41. Re1 Rf7 ({But not} 41... Rxf2 $6 42. Re8+ Rf8 43. Ree7 $14) 42. Rxf7 Rxf7 {[%mdl 4096] Endgame KRB-KRN} 43. Re3 Kg7 44. Bf1 Rf3 {[#] Hoping for ...Rxe3.} 45. Re4 Nxb3 (45... Nc2 {looks sharper.} 46. Re6 Rxb3 47. Rxd6 Rb1 48. Kg2 Ne1+) 46. Rxb4 Nc5 47. Rd4 Rf5 48. Bg2 g5 49. Rd2 h6 50. h4 Kf6 51. hxg5+ {Precision: White = 58%, Black = 61%.} 1/2-1/2

[Event "XVII MetLife Najdorf Open 2017"]
[Site "Warsaw"]
[Date "2017.07.12"]
[Round "4.20"]
[White "Riff, Jean-Noel"]
[Black "Teclaf, Pawel"]
[Result "1/2-1/2"]
[WhiteElo "2493"]
[BlackElo "2372"]
[Annotator "ChessBase"]
[PlyCount "82"]
[EventDate "2017.??.??"]
[EventType "swiss"]
[EventCountry "POL"]
[SourceTitle "playchess.com"]
[Source "ChessBase"]
[SourceQuality "1"]
[TimeControl "40/5400+30:1800+30"]

1. e4 c5 2. Nf3 d6 3. d4 cxd4 4. Nxd4 Nf6 5. Nc3 a6 6. Be2 e6 7. O-O Be7 8. f4 O-O 9. Kh1 Nc6 10. Be3 Qc7 11. a4 Re8 12. Bd3 Nb4 13. a5 Bd7 14. Qf3 Rac8 15. Qg3 Nh5 16. Qf3 Nf6 17. g4 Bc6 18. f5 exf5 19. Nxf5 d5 20. Nxg7 dxe4 21. Nxe4 Nxe4 22. Bxe4 Bxe4 23. Qxe4 Qxh2+ 24. Kxh2 Bd6+ 25. Bf4 Rxe4 26. Bxd6 Rxc2+ 27. Kg3 Kxg7 28. Rf5 Rcc4 29. Raf1 Rxg4+ 30. Kh3 Rh4+ 31. Kg2 f6 32. Rxf6 Nd5 33. Rf7+ Kg6 34. R1f3 Rc2+ 35. Kg1 Rg4+ 36. Kh1 Rh4+ 37. Kg1 Rg4+ 38. Kh1 Re4 39. Bg3 Rxb2 40. Rf8 Rb1+ 41. Kh2 h5 1/2-1/2

[Event "XVII MetLife Najdorf Open 2017"]
[Site "Warsaw"]
[Date "2017.07.12"]
[Round "4.21"]
[White "Annaberdiev, Meilis"]
[Black "Zylka, Stanislaw"]
[Result "1/2-1/2"]
[WhiteElo "2485"]
[BlackElo "2368"]
[Annotator "ChessBase"]
[PlyCount "116"]
[EventDate "2017.??.??"]
[EventType "swiss"]
[EventCountry "POL"]
[SourceTitle "playchess.com"]
[Source "ChessBase"]
[SourceQuality "1"]
[TimeControl "40/5400+30:1800+30"]

1. Nf3 c5 2. e4 e6 3. d4 cxd4 4. Nxd4 Nc6 5. Nc3 Qc7 6. Be3 a6 7. Qd2 Nf6 8. O-O-O Bb4 9. f3 Ne5 10. Kb1 Bxc3 11. Qxc3 Qxc3 12. bxc3 d5 13. exd5 Nxd5 14. Bd2 Nb6 15. Nb3 Nec4 16. Bc1 Bd7 17. Bxc4 Nxc4 18. Rd4 b5 19. Rhd1 Bc6 20. Rg4 g6 21. Bh6 Ke7 22. Rf4 Rhc8 23. Bg5+ Ke8 24. Rh4 h5 25. Nd4 Bd5 26. g4 Ne5 27. Rf1 Rxc3 28. gxh5 gxh5 29. Rxh5 Nxf3 30. Nxf3 Rxf3 31. Rxf3 Bxf3 32. Rh8+ Kd7 33. Rh7 Ke8 34. Rh8+ Kd7 35. Rh7 Rf8 36. Bf6 Be4 37. Rh4 Bf5 38. Rd4+ Kc6 39. Be5 Rg8 40. Bg3 a5 41. Rd6+ Kc5 42. Rd7 f6 43. Rf7 Rd8 44. Kc1 Rc8 45. Rc7+ Rxc7 46. Bxc7 Bg4 47. Bxa5 e5 48. Kd2 f5 49. Bc7 Kd4 50. c3+ Kd5 51. c4+ bxc4 52. a4 f4 53. a5 Ke4 54. a6 Bc8 55. a7 Bb7 56. h4 Kf5 57. h5 Kg5 58. Bxe5 Kxh5 1/2-1/2

[Event "XVII MetLife Najdorf Open 2017"]
[Site "Warsaw"]
[Date "2017.07.12"]
[Round "4.22"]
[White "Nihal Sarin"]
[Black "Zujev, Oleg"]
[Result "1-0"]
[WhiteElo "2471"]
[BlackElo "2366"]
[Annotator "TA"]
[PlyCount "71"]
[EventDate "2017.??.??"]
[EventType "swiss"]
[EventCountry "POL"]
[SourceTitle "playchess.com"]
[Source "ChessBase"]
[SourceQuality "1"]

{[%evp 15,71,-3,17,0,0,0,14,12,10,6,22,4,8,20,15,0,41,10,16,14,14,14,16,0,41,29,41,41,100,81,87,87,98,97,90,87,96,89,90,92,85,91,86,85,110,97,117,123,120,120,112,125,29991,29992,29992,339,29993,29994]} 1. c4 Nf6 2. Nc3 e5 3. Nf3 Nc6 4. g3 d5 5. cxd5 Nxd5 6. Bg2 Nb6 7. O-O Be7 8. Rb1 a5 9. a3 {A29: English Opening: Four Knights Variation with 4 g3} (9. d3 O-O 10. Be3 Be6 11. Bxb6 cxb6 12. a3 f5 13. e3 Bf6 14. Rc1 Kh8 15. Re1 Bf7 16. Nb5 Bh5 17. Qc2 {0-1 (39) So,W (2812)-Karjakin,S (2781) Paris 2017}) 9... a4 10. d3 Be6 11. Be3 {The position is equal.} Bb3 12. Qc1 O-O 13. Nd2 Be6 14. Bxb6 cxb6 15. Qd1 $146 ({Predecessor:} 15. Nc4 f6 16. Rd1 Rf7 {0-1 (48) Koyias,K (2285)-Skembris,S (2456) Kavala 2001}) 15... Nd4 16. Bxb7 (16. e3 $5 {[%cal Re3d4]} Nb3 17. Nc4 $11 (17. Bxb7 Ra7 $11)) 16... Rb8 17. Bg2 $36 {[%mdl 2048] White fights for an advantage.} b5 18. e3 Nb3 19. Nf3 Qc7 20. d4 exd4 21. Nxd4 Bc4 (21... Nxd4 $14 22. Qxd4 (22. exd4 Bb3 $14) 22... Bf6) 22. Nd5 Bxd5 23. Bxd5 Nxd4 24. Qxd4 Bf6 25. Qg4 Qe5 26. Rfd1 Rfd8 27. e4 b4 28. Qe2 Qe7 29. Qa6 bxa3 30. bxa3 Rxb1 31. Rxb1 Qxa3 32. Rb7 Bd4 33. Kg2 Qa1 $2 {[%mdl 8192] [#]} (33... Kh8 $16 34. Qa5 (34. Bxf7 h6 $16) (34. Rxf7 Qb4 $16) 34... Rf8) 34. Qd6 $1 {[%cal Rd6d8][%mdl 512]} Bf6 (34... Rxd6 35. Rb8+) 35. Bxf7+ Kh8 36. Rb8 {Precision: White = 68%, Black = 51%.} 1-0

[Event "XVII MetLife Najdorf Open 2017"]
[Site "Warsaw"]
[Date "2017.07.12"]
[Round "4.23"]
[White "Martin, Julian"]
[Black "Prasanna Raghuram Rao"]
[Result "0-1"]
[WhiteElo "2332"]
[BlackElo "2466"]
[Annotator "ChessBase"]
[PlyCount "76"]
[EventDate "2017.??.??"]
[EventType "swiss"]
[EventCountry "POL"]
[SourceTitle "playchess.com"]
[Source "ChessBase"]
[SourceQuality "1"]
[TimeControl "40/5400+30:1800+30"]

1. e4 c5 2. Nf3 e6 3. d4 cxd4 4. Nxd4 Nc6 5. Nc3 Qc7 6. g3 a6 7. Bg2 h5 8. a3 Nf6 9. Nf3 Be7 10. Bf4 d6 11. Qe2 Ne5 12. O-O b5 13. Rad1 Bb7 14. Nxe5 dxe5 15. Bg5 Bc5 16. Rd3 Bc6 17. b4 Be7 18. Rfd1 Bb7 19. Na2 Rc8 20. Rc3 Qb8 21. Rdd3 Rxc3 22. Nxc3 Qc7 23. h4 Bc6 24. Nb1 Ng4 25. Bxe7 Qxe7 26. Rc3 Qb7 27. Nd2 O-O 28. Nb3 Qb6 29. Nc5 a5 30. Bf3 axb4 31. axb4 Qa7 32. Nb3 Ba8 33. Bxg4 hxg4 34. Qxb5 Bxe4 35. Qxe5 Bd5 36. Re3 Rc8 37. Nc5 Qa2 38. c3 f6 0-1

[Event "XVII MetLife Najdorf Open 2017"]
[Site "Warsaw"]
[Date "2017.07.12"]
[Round "4.24"]
[White "Thybo, Jesper Sondergaard"]
[Black "Spitzl, Vinzent"]
[Result "1-0"]
[WhiteElo "2465"]
[BlackElo "2348"]
[Annotator "ChessBase"]
[PlyCount "165"]
[EventDate "2017.??.??"]
[EventType "swiss"]
[EventCountry "POL"]
[SourceTitle "playchess.com"]
[Source "ChessBase"]
[SourceQuality "1"]
[TimeControl "40/5400+30:1800+30"]

1. c4 e6 2. Nf3 Nf6 3. g3 d5 4. Bg2 Be7 5. O-O O-O 6. d4 dxc4 7. Qc2 a6 8. a4 Bd7 9. Rd1 Bc6 10. Bg5 Nbd7 11. Nbd2 b5 12. b3 c3 13. Qxc3 Bb7 14. Bxf6 Nxf6 15. axb5 axb5 16. Rxa8 Bxa8 17. Qd3 Qb8 18. e4 c5 19. e5 Nd7 20. Ne4 c4 21. bxc4 bxc4 22. Qe2 Rc8 23. Rc1 Ba3 24. Rc2 Qb3 25. h4 Bd5 26. Nfg5 h6 27. Nh3 c3 28. Nf4 Nb6 29. Nh5 Bxe4 30. Bxe4 Bf8 31. Bd3 Qd5 32. Qg4 Nd7 33. Be4 Qb5 34. Nf4 Qb6 35. Nh5 Qb5 36. Nf4 Qb6 37. Ne2 f5 38. exf6 Nxf6 39. Qg6 Nxe4 40. Qxe4 Qc6 41. Qxc6 Rxc6 42. Rxc3 Rxc3 43. Nxc3 g6 44. Kg2 Bg7 45. Ne2 Kf7 46. Kf3 h5 47. Ke4 Kf6 48. Nf4 Bf8 49. Nd3 Bd6 50. Nc5 Ke7 51. Nd3 Kf6 52. Ne5 Bb4 53. Nd7+ Ke7 54. Nc5 Kf6 55. Nd7+ Ke7 56. Nb6 Be1 57. Ke3 Bb4 58. Nc4 Kf6 59. Kf4 Bc3 60. Ke4 Be1 61. Ke3 Bb4 62. Ne5 Bd6 63. Ke4 Bb4 64. Nd3 Bd6 65. Nf4 Bf8 66. f3 Bd6 67. Ne2 Bb4 68. Kd3 Bd6 69. g4 hxg4 70. fxg4 Bb4 71. Ng1 Be1 72. Nf3 Bg3 73. Ke4 Bd6 74. g5+ Kg7 75. Kd3 Bg3 76. Kc4 Bf2 77. Kc5 Be3 78. Kd6 Kf7 79. Ne5+ Kg7 80. Nc6 Bf4+ 81. Kxe6 Bg3 82. Ne5 Bxh4 83. Nf7 1-0

[Event "XVII MetLife Najdorf Open 2017"]
[Site "Warsaw"]
[Date "2017.07.12"]
[Round "4.25"]
[White "Prince, Bajaj"]
[Black "Sundararajan, Kidambi"]
[Result "1/2-1/2"]
[WhiteElo "2344"]
[BlackElo "2444"]
[Annotator "RC"]
[PlyCount "33"]
[EventDate "2017.??.??"]
[EventType "swiss"]
[EventCountry "POL"]
[SourceTitle "playchess.com"]
[Source "ChessBase"]
[SourceQuality "1"]
[TimeControl "40/5400+30:1800+30"]

1. e4 c6 2. d4 d5 3. exd5 cxd5 4. c4 Nf6 5. Nc3 e6 6. Nf3 Bb4 7. cxd5 Nxd5 8. Bd2 Nc6 9. Bd3 O-O 10. O-O Nf6 11. Bg5 h6 12. Bh4 Be7 13. Rc1 Nh5 14. Bxe7 Nxe7 15. Ne5 Nf6 16. Ne4 Ned5 17. Qf3 1/2-1/2

[Event "XVII MetLife Najdorf Open 2017"]
[Site "Warsaw"]
[Date "2017.07.12"]
[Round "4.26"]
[White "Jarmula, Lukasz"]
[Black "Eggink, Ryszard"]
[Result "1-0"]
[WhiteElo "2444"]
[BlackElo "2322"]
[Annotator "ChessBase"]
[PlyCount "53"]
[EventDate "2017.??.??"]
[EventType "swiss"]
[EventCountry "POL"]
[SourceTitle "playchess.com"]
[Source "ChessBase"]
[SourceQuality "1"]
[TimeControl "40/5400+30:1800+30"]

1. e4 c5 2. Nf3 d6 3. d4 cxd4 4. Nxd4 Nf6 5. Nc3 a6 6. Be2 e5 7. Nb3 Be7 8. Be3 O-O 9. g4 Nbd7 10. g5 Ne8 11. h4 b5 12. Nd5 Bb7 13. Qd2 Rc8 14. O-O-O Bxd5 15. exd5 Nb6 16. Na5 Nxd5 17. Qxd5 Qxa5 18. Bd3 Nc7 19. Qe4 g6 20. h5 Qa4 21. Qg2 Ne6 22. hxg6 Nf4 23. Bxf4 Qxf4+ 24. Kb1 fxg6 25. Rxh7 Rf7 26. Rh6 Qf3 27. Rdh1 1-0

[Event "XVII MetLife Najdorf Open 2017"]
[Site "Warsaw"]
[Date "2017.07.12"]
[Round "4.27"]
[White "Saeed, Ishaq"]
[Black "Zaleski, Lukasz"]
[Result "1-0"]
[WhiteElo "2428"]
[BlackElo "2220"]
[Annotator "ChessBase"]
[PlyCount "59"]
[EventDate "2017.??.??"]
[EventType "swiss"]
[EventCountry "POL"]
[SourceTitle "playchess.com"]
[Source "ChessBase"]
[SourceQuality "1"]
[TimeControl "40/5400+30:1800+30"]

1. d4 Nf6 2. c4 e6 3. Nf3 b6 4. g3 Bb7 5. Bg2 Bb4+ 6. Bd2 Bxd2+ 7. Qxd2 O-O 8. O-O d6 9. Qd3 Be4 10. Qe3 Nbd7 11. Nc3 Bb7 12. Qd3 Re8 13. e4 e5 14. Rfe1 exd4 15. Qxd4 a5 16. Rad1 Nc5 17. Nh4 g6 18. f4 Nh5 19. Nf3 Qf6 20. e5 dxe5 21. fxe5 Qd8 22. Qe3 Qc8 23. Nd5 Bxd5 24. cxd5 Qd7 25. Qh6 f6 26. d6 Qg7 27. Qxg7+ Nxg7 28. d7 Red8 29. exf6 Nge6 30. Ne5 1-0

[Event "XVII MetLife Najdorf Open 2017"]
[Site "Warsaw"]
[Date "2017.07.12"]
[Round "4.28"]
[White "Jeet, Jain"]
[Black "Heberla, Bartlomiej"]
[Result "1/2-1/2"]
[WhiteElo "2191"]
[BlackElo "2577"]
[Annotator "TA"]
[PlyCount "132"]
[EventDate "2017.??.??"]
[EventType "swiss"]
[EventCountry "POL"]
[SourceTitle "playchess.com"]
[Source "ChessBase"]
[SourceQuality "1"]

{[%evp 21,132,14,9,10,18,0,0,0,0,-16,-21,-25,-23,-35,-31,-24,-24,-54,-53,-86,-85,-91,-95,-94,-94,-95,-91,-92,-100,-115,-116,-120,-120,-125,-135,-145,-125,-139,-124,-135,-135,-135,-135,-144,0,-140,-118,-154,-162,-294,-270,-236,-85,-169,-81,-169,-169,-169,-169,-169,-169,-169,-71,-71,-71,-71,-71,-71,-71,-71,-71,-71,-71,-71,-71,-93,-33,-44,-44,-156,-33,-182,-44,-59,-44,-59,0,-75,-75,-75,-75,-75,-29,-29,-29,-29,-29,-29,-29,-29,0,0,0,0,0,-8,0,-8,-8,-8,-8,-8,-8]} 1. e4 c5 2. Nf3 Nc6 3. Nc3 g6 4. d4 cxd4 5. Nxd4 Bg7 6. Nb3 Nf6 7. Be2 O-O 8. O-O d6 9. Bg5 b6 10. Kh1 Bb7 11. f4 Rc8 12. Qd2 $146 {B70: Sicilian Dragon: 6 g3 and 6 Be2 (without a later Be3)} ({Predecessor:} 12. Bf3 Nd7 13. Rb1 Na5 14. Nxa5 bxa5 15. e5 Bxf3 16. Rxf3 f6 17. exf6 Nxf6 18. Qe2 Qd7 19. Re3 e5 20. fxe5 dxe5 21. Bxf6 Rxf6 {1-0 (41) Feygin,M (2525)-Bosch,J (2409) Netherlands 2011}) 12... Re8 (12... h6 $5 {[%cal Rh6g5]} 13. Bh4 Qd7 $11) 13. Rad1 Na5 14. Nxa5 bxa5 15. e5 (15. Bd3 {seems wilder.} Qb6 16. f5 Qxb2 17. Rb1 Qxc3 18. Qxc3 Rxc3 19. Rxb7 a6 20. a4) 15... dxe5 16. Qxd8 Rcxd8 17. Rxd8 Rxd8 18. fxe5 Ne4 19. Nxe4 Bxe4 20. Rd1 Rxd1+ 21. Bxd1 Bxe5 22. Bxe7 Bxb2 $17 {[%mdl 4096] Endgame KBB-KBB} 23. c4 f5 24. Bc5 a6 25. a4 Kf7 26. Bb6 Bc3 27. Bb3 Ke6 28. h3 Bb4 29. Kh2 Kd6 30. Be3 Ke5 31. Bb6 Bc6 32. Bc2 Be4 33. Bb3 $1 g5 34. Bd8 Kd4 35. Bxg5 (35. Bf6+ $142 Kd3 36. Bxg5) 35... Kc3 $1 $19 36. Bd1 Bd6+ $2 ({Don't do} 36... Kxc4 37. Bf4 $17) (36... Bc2 $1 $19 {[%cal Rc2d1]} 37. Bf6+ Kd2 38. Bxc2 Kxc2) 37. Kg1 (37. g3 $17) 37... Bc5+ (37... Bc2 $1 $19 {[%cal Rc2d1]} 38. Bf6+ Kd3 39. Bxc2+ Kxc2) 38. Kh2 {[#]} (38. Kf1 $17 {was worth a try.}) 38... Bc2 $1 {[%cal Rc2d1]} 39. Bxc2 Kxc2 {KB-KB} 40. Bd8 Kb3 41. Bxa5 {[#]} Kxa4 (41... Bd6+ $1 $19 {has better winning chances.} 42. Kg1 Kxa4) 42. Bc7 $17 Bf2 43. g3 Kb4 {And now ...a5 would win.} 44. Kg2 Be3 {Hoping for ...a5.} 45. Kf3 Bc1 46. g4 fxg4+ 47. hxg4 Kxc4 48. Ke4 h6 (48... Kc3 $17 49. Kf5 h6 50. Ba5+ Kc2) 49. Bd8 Bd2 {Strongly threatening ...a5.} 50. Bc7 ({White has to play} 50. Kf5 $1 $15) 50... Kb5 ({Black should play} 50... a5 $17 51. Bxa5 Bxa5) 51. Kf5 (51. Bd6 $15) 51... Kc6 (51... a5 $19 {White must now prevent ...a4.} 52. Bxa5 Kxa5) 52. Bd8 $15 Kd7 53. Bb6 Kc6 54. Bd8 $1 Kd5 55. Kg6 Ke4 56. Kh5 Be3 (56... Kd3 $5 {[%cal Rd3c4]}) 57. Ba5 $1 Bg5 (57... Kd3 $5 {[%cal Rd3c4]}) 58. Kg6 Kf4 59. Kh5 Ke5 60. Bc3+ Kd5 61. Bg7 {The position is equal.} a5 62. Bxh6 Be7 63. Kg6 Ke6 64. Bc1 a4 65. Kh7 a3 {[#]} 66. Bxa3 $1 {[%mdl 512]} Bxa3 {Precision: White = 43%, Black = 47%.} 1/2-1/2

[Event "XVII MetLife Najdorf Open 2017"]
[Site "Warsaw"]
[Date "2017.07.12"]
[Round "4.29"]
[White "Romanishin, Oleg M"]
[Black "Bartel, Michal"]
[Result "1/2-1/2"]
[WhiteElo "2463"]
[BlackElo "2343"]
[Annotator "TA"]
[PlyCount "89"]
[EventDate "2017.??.??"]
[EventType "swiss"]
[EventCountry "POL"]
[SourceTitle "playchess.com"]
[Source "ChessBase"]
[SourceQuality "1"]

{[%evp 18,89,12,0,10,-1,15,12,23,0,9,0,0,-3,12,6,11,0,4,10,13,8,18,10,18,0,22,19,20,23,20,12,27,29,39,33,33,32,42,41,37,39,53,53,45,43,41,31,32,16,58,61,71,58,51,77,62,30,33,33,31,0,50,48,42,0,0,0,0,0,0,0,0,0]} 1. Nf3 d5 2. g3 Bg4 3. Bg2 e6 4. c4 c6 5. Qb3 Qb6 6. d3 {A11: English Opening: 1...c6} Nd7 7. Be3 Bc5 (7... Qxb3 8. axb3 a6 9. O-O Ngf6 10. Rc1 Be7 11. h3 Bxf3 12. Bxf3 O-O 13. Bg2 {½-½ (40) Wang,Y (2718)-Sargissian,G (2702) Huaian 2016}) 8. Bxc5 Nxc5 9. Qc3 Nf6 10. Nbd2 {LiveBook: 3 Games} Bxf3 $146 (10... Ncd7 {feels hotter.} 11. e3 h6 12. O-O O-O 13. d4 Rfc8) ({Predecessor:} 10... O-O 11. O-O a5 12. Qd4 Ncd7 13. Qxb6 Nxb6 {½-½ (50) Romanishin,O (2454)-Houska,J (2377) Llucmajor 2017}) 11. Nxf3 a5 12. O-O O-O 13. Qd4 (13. Rac1 $5 {[%cal Rc4d5]}) 13... Ncd7 14. Qxb6 Nxb6 15. cxd5 cxd5 16. Rfc1 Rfc8 17. Nd4 Rxc1+ 18. Rxc1 Rc8 19. Rxc8+ Nxc8 $11 {[%mdl 4096] Endgame KBN-KNN} 20. e4 Kf8 21. Kf1 Ke7 22. Ke2 Kd6 23. f4 {[#] Threatens to win with e5+.} Kc5 24. Nb3+ Kb4 25. Na1 Na7 26. Nc2+ Kc5 27. e5 Nd7 28. d4+ Kc6 29. f5 Nb5 30. Kd3 Nc7 31. Ne3 b5 32. h4 Nb6 33. b3 Na6 34. a3 a4 35. bxa4 Nxa4 36. Bh3 Nc7 37. g4 Nb2+ 38. Kc3 Nc4 39. Nc2 exf5 40. gxf5 f6 41. exf6 gxf6 {The position is equal.} 42. Bg2 Kd6 43. Bf1 Kc6 44. Bg2 Kd6 45. Bf1 {Precision: White = 59%, Black = 62%.} 1/2-1/2

[Event "XVII MetLife Najdorf Open 2017"]
[Site "Warsaw"]
[Date "2017.07.12"]
[Round "4.30"]
[White "Drozdowski, Kacper"]
[Black "Lewtak, Damian"]
[Result "1-0"]
[WhiteElo "2461"]
[BlackElo "2341"]
[Annotator "TA"]
[PlyCount "109"]
[EventDate "2017.??.??"]
[EventType "swiss"]
[EventCountry "POL"]
[SourceTitle "playchess.com"]
[Source "ChessBase"]
[SourceQuality "1"]

{[%evp 9,109,-24,-21,-31,9,17,8,-33,-18,-17,-14,-36,-40,-40,-28,-33,-23,-29,0,0,0,0,0,0,0,-22,0,-7,0,0,0,0,0,0,24,36,25,8,22,7,16,14,24,0,25,1,6,0,0,0,0,0,0,0,0,0,7,14,21,8,65,37,71,37,37,23,104,119,143,135,137,147,149,147,514,492,926,832,926,921,895,835,926,926,701,699,1187,1177,1103,1122,1805,1760,1636,1616,4132,2965,4802,2962,29974,29975,29975,29977]} 1. c4 Nf6 2. Nc3 d5 3. cxd5 Nxd5 4. Qa4+ (4. g3 g6 5. Bg2 Nxc3 6. bxc3 Bg7 7. Rb1 Nc6 8. Nf3 O-O 9. Qa4 Qd7 10. d4 Nxd4 11. Qxd7 Nxf3+ 12. Bxf3 Bxd7 13. Rxb7 Bxc3+ 14. Bd2 Be5 15. Bf4 Bxf4 16. gxf4 {½-½ (28) Topalov,V (2749)-Mamedyarov,S (2800) Paris 2017}) 4... Nc6 {[%cal Bb8c6,Bc6a5,Ba5b3][%mdl 32]} 5. Nf3 Nb6 6. Qh4 {A16: English Opening: 1...Nf6 with ...d5} e5 (6... g6 {looks sharper.} 7. e3 Bg7 8. Bb5 Bd7 9. Qg3 a6) 7. Qxd8+ Kxd8 8. a3 $146 {The position is equal.} ({Predecessor:} 8. Ng5 Ke8 9. Nb5 Bd6 10. Ne4 Ke7 11. d3 Be6 {1-0 (64) Delgado Ramirez,N (2550)-Blanco,H (2434) Las Tunas 2009}) 8... f6 9. e3 Na5 10. d3 Nb3 11. Rb1 Be6 12. Nd2 Nxc1 13. Rxc1 Be7 14. Nf3 c6 15. d4 exd4 16. Nxd4 Bf7 17. g3 a6 18. Bh3 Kc7 19. Be6 Rhf8 20. Ke2 Rae8 21. Rhd1 Bd8 22. Bxf7 Rxf7 23. Nf5 {And now Nd6 would win.} Nc8 24. Na4 Be7 25. Nxe7 (25. b4 {is interesting.} Bf8 26. Nd4 Nb6 27. Nxb6 Kxb6 28. Nb3) 25... Rfxe7 26. Nc5 Nb6 27. Rd4 Nd7 28. g4 Nxc5 29. Rxc5 $11 {[%mdl 4096] Endgame KRR-KRR} Re5 30. Rc3 (30. Rc1 {with more complications.} R8e7 31. Rcd1 h5 32. h3 hxg4 33. hxg4 g5 34. Kf3) 30... Re4 31. Rxe4 Rxe4 {KR-KR} 32. f4 Re7 33. h4 {[%cal Bh2h4,Bh4h5,Bh5h6][%mdl 32]} Kd6 34. Rd3+ Kc5 (34... Kc7 $11) 35. Rd4 a5 36. Kd3 b5 37. g5 f5 (37... a4 $1 $11 {keeps the balance.}) 38. h5 $16 Kb6 39. Rd8 Kc7 40. Rh8 g6 41. h6 a4 $2 {[%mdl 8192]} (41... Rd7+ $16 42. Ke2 a4) 42. Rg8 $1 $18 {[%cal Rg8g7]} Kd7 {[#]} (42... Rd7+ $142 43. Kc3 c5) 43. Rg7 $1 Kd6 {[#]} 44. e4 $1 {[%mdl 512]} Rxe4 45. Rxh7 Rxf4 46. Rg7 Rh4 47. Rxg6+ Ke5 48. Rg7 Rh3+ 49. Ke2 Ke4 50. h7 Rh2+ 51. Ke1 f4 52. g6 Rh1+ 53. Kf2 f3 54. Re7+ Kf5 55. Re8 {Precision: White = 65%, Black = 31%.} 1-0

[Event "XVII MetLife Najdorf Open 2017"]
[Site "Warsaw"]
[Date "2017.07.12"]
[Round "4.31"]
[White "Lewicki, Miroslaw"]
[Black "Bilguun, Sumiya"]
[Result "0-1"]
[WhiteElo "2323"]
[BlackElo "2460"]
[Annotator "ChessBase"]
[PlyCount "74"]
[EventDate "2017.??.??"]
[EventType "swiss"]
[EventCountry "POL"]
[SourceTitle "playchess.com"]
[Source "ChessBase"]
[SourceQuality "1"]
[TimeControl "40/5400+30:1800+30"]

1. e4 c5 2. Nf3 e6 3. d4 cxd4 4. Nxd4 a6 5. Bd3 Qc7 6. Qe2 d6 7. O-O g6 8. Be3 Bg7 9. f4 Nf6 10. c4 h5 11. h3 Nbd7 12. Nc3 O-O 13. Rad1 b6 14. Nb3 Bb7 15. g4 Rfe8 16. g5 Nh7 17. Qd2 Rad8 18. h4 Nhf8 19. Kh2 Nc5 20. Nxc5 bxc5 21. Qf2 Nd7 22. f5 Ne5 23. Be2 d5 24. Bf4 d4 25. Qg3 exf5 26. Nd5 Bxd5 27. exd5 Qb7 28. b3 Nd7 29. Rfe1 Be5 30. Bf3 Qb8 31. Rxe5 Rxe5 32. Re1 Rde8 33. b4 d3 34. Rxe5 Nxe5 35. Bd1 Qxb4 36. d6 Qb2+ 37. Qg2 Qd4 0-1

[Event "XVII MetLife Najdorf Open 2017"]
[Site "Warsaw"]
[Date "2017.07.12"]
[Round "4.32"]
[White "Villegas, Pierre"]
[Black "Nasuta, Grzegorz"]
[Result "1/2-1/2"]
[WhiteElo "2295"]
[BlackElo "2455"]
[Annotator "ChessBase"]
[PlyCount "61"]
[EventDate "2017.??.??"]
[EventType "swiss"]
[EventCountry "POL"]
[SourceTitle "playchess.com"]
[Source "ChessBase"]
[SourceQuality "1"]
[TimeControl "40/5400+30:1800+30"]

1. Nf3 d5 2. c4 c6 3. d4 Nf6 4. e3 Bg4 5. h3 Bh5 6. g4 Bg6 7. Ne5 Nbd7 8. Nxg6 hxg6 9. Qb3 Qb6 10. g5 Ne4 11. cxd5 Qxb3 12. axb3 cxd5 13. Nc3 e6 14. Nxe4 dxe4 15. Bg2 Rh4 16. f4 exf3 17. Bxf3 Rc8 18. Bxb7 Rc7 19. Bf3 e5 20. Kf2 Be7 21. e4 exd4 22. Kg3 Rh8 23. Bf4 Rb7 24. Rhc1 Bc5 25. Ra5 Bb6 26. Rd5 Kd8 27. Bg4 Re8 28. Kf3 f6 29. Rc6 Ke7 30. Re6+ Kf7 31. Rxe8 1/2-1/2